Producción, ciencia y sociedad : de Descartes a Marx /
Desde la mirada del materialismo dialéctico, Labastida ofrece un estudio de la filosofía cartesiana vista como reflejo dialéctico de un sistema económico. Analiza aquí las relaciones del pensamiento de Descartes con un modo de producción específico. Es un intento de esclarecer el problema de las fue...
Bewaard in:
| Hoofdauteur: | |
|---|---|
| Formaat: | Boek |
| Taal: | Spaans |
| Gepubliceerd in: |
México :
Siglo XXI,
1969, c1969
|
| Reeks: | (Teoría y Crítica)
|
| Onderwerpen: | |
| Tags: |
Geen labels, Wees de eerste die dit record labelt!
|
MARC
| LEADER | 00000nam^a2200000^a^4500 | ||
|---|---|---|---|
| 001 | 000182009 | ||
| 005 | 20250521000000.0 | ||
| 009 | 20260310101953.615 | ||
| 037 | |a Acervo ITESO - Biblioteca | ||
| 041 | |a ESP | ||
| 082 | |a 146. 32 |b LAB | ||
| 100 | |a Labastida, Jaime |e (autor) | ||
| 245 | 1 | 0 | |a Producción, ciencia y sociedad : |b de Descartes a Marx / |c J. Labastida. |
| 264 | 4 | |a México : |b Siglo XXI, |c 1969, c1969 | |
| 300 | |a 233 p. | ||
| 336 | |a texto |b txt |2 rdacontenido | ||
| 337 | |a sin mediación |b n |2 rdamedio | ||
| 338 | |a volumen |b nc |2 rdasoporte | ||
| 440 | 1 | |a (Teoría y Crítica) | |
| 520 | |a Desde la mirada del materialismo dialéctico, Labastida ofrece un estudio de la filosofía cartesiana vista como reflejo dialéctico de un sistema económico. Analiza aquí las relaciones del pensamiento de Descartes con un modo de producción específico. Es un intento de esclarecer el problema de las fuentes sociales que alimentan la concepción mecanicista del mundo. | ||
| 649 | |a XX | ||
| 650 | |a Filósofos Franceses | ||
| 650 | |a Conocimiento | ||
| 650 | |a Aptitudes | ||
| 650 | |a Productividad | ||
| 650 | |a Industrialización | ||
| 650 | |a Industria Manufacturera | ||
| 650 | |a Desarrollo Económico-Social | ||
| 650 | |a Organización Social | ||
| 650 | |a Vida Pública | ||
| 650 | |a Desarrollo Económico-Social | ||
| 650 | |a Superestructura | ||
| 650 | |a Materialismo Histórico y Dialéctico | ||
| 650 | |a Materialismo Histórico y Dialéctico | ||
| 650 | |a Marxismo | ||
| 650 | |a Filosofía Política | ||
| 650 | |a Cultura - |x Filosofía | ||
| 650 | |a Descartes, René | ||
| 910 | |a Fondo Armando Suárez Gómez | ||
| 920 | |a Impresos - Libros | ||
| 930 | |a Fondos Especiales | ||
| 905 | |a 111 | ||
| 901 | |a 0700001009 |b IT2 |c ESP |u 20250521 | ||
| 902 | |a https://opac.biblio.iteso.mx/vufind/Record/000182009 | ||